000 00403nam a2200169Ia 4500
003 OSt
005 20240207111831.0
008 170619s9999 xx 000 0 und d
020 _a0070991502
040 _cIIMT ENGINEERING COLLEGE
100 _aOsborne / Bunnell
245 3 _aAn introduction to Microcomputers
260 _bMc Graw Hill
260 _c1986
546 _aENGLISH
942 _2ddc
_c02
999 _c17619
_d17619